Classement Formule 1 en 2024 - Statistiques

Statistiques générales
  • Ce quiz a été pris 37 fois
  • Le résultat moyen est 16 sur 24
Statistiques - réponses
Pilote Points % Correct
V. Bottas 0
100%
L. Sargeant 0
100%
J. Doohan 0
100%
O. Bearman 7
100%
A. Albon 12
97%
D. Ricciardo 12
97%
G. Zhou 4
97%
L. Lawson 4
97%
F. Colapinto 5
97%
K. Magnussen 16
87%
E. Ocon 23
87%
L. Stroll 24
84%
Y. Tsunoda 30
77%
N. Hülkenberg 41
61%
P. Gasly 42
58%
S. Perez 152
45%
F. Alonso 70
45%
L. Hamilton 223
32%
G. Russell 245
29%
C. Sainz 290
29%
O. Piastri 292
29%
C. Leclerc 356
29%
L. Norris 374
29%
M. Verstappen 437
16%
Aucun quiz correspondant
Distribution des résultats
% des personnes avec chaque résultat
Percentile par nombre de réponses
Votre historique - résultats
Vous n’avez pas pris ce quiz